00946nam a22002417a 450000500170000001000130001702000100003003500130004003700160005304000120006908200240008110000440010524500870014924600420023626000780027827001080035630000610046450000060052565000430053165000800057465000200065465000300067420170124103029.0 aA-882178 c90.00 aA-882178 bCen Lib/Ret aDPLbHN aउ bजमना  aजमनादास अख्तर  aकश्मीर की बेटी /cजमनादास अख्तर  aKashmir ki betibby Jamnadass Akhtar  a दिल्ली bराजकुमार एंड संस c1997 a30/35 गली न.9 विश्वास नगर शाहदरा bदिल्ली e110032 a103पृष्ठ. c20सेमी(सजिल्द) a  aहिंदी साहित्य  aहिंदी उपन्यास - कश्मीर युद्ध  apatriotic story aHindi novel - Kashmir war